000 00761nam a22002297a 4500
005 20170124105934.0
010 _aA-770257
020 _c90.00
_a8172650191
035 _aA-770257
037 _bCen Lib/Ret
040 _aDPL
_bEN
082 _a305.2
_bBAM
100 _aBambawale, Usha
_99281
245 _aGrowing old in young india :
_cby Usha Bambawale
_ba sociological study of women and ageing /
260 _aPune
_c1993
_bSnehavardhan Publishing House
270 _bPune
_e411008
_a4, sharda pashan road
300 _aiii, 166p.
_c20cm(Hb)
500 _aIncludes bibliographical references
650 _aOlder people--Psychology
_973780
650 _aOlder people--Social conditions
_973781
942 _2ddc
_cEN
_h305.2
_mBAM
999 _c124102
_d124102